| 000 | 01063nam0a2200325 4500 | ||
|---|---|---|---|
| 001 | RU\NLR\BIBL_A\012566284 | ||
| 005 | 20210728150305.0 | ||
| 010 |
_a978-5-04-118849-8 _921000 |
||
| 021 |
_aRU _bКН-П-21-014880 _9КН-П-21-1178 |
||
| 035 | _a(NLR Aleph) 012566284 | ||
| 090 |
_a12476192 _c12476192 |
||
| 100 | _a20210719d2021 u y0rusy50 ca | ||
| 101 | 1 |
_arus _ceng |
|
| 102 | _aRU | ||
| 105 | _ay z 000ay | ||
| 181 | 0 |
_ai _baxxe |
|
| 182 | 0 | _an | |
| 200 | 1 |
_aЛеденцовые туфельки _eроман _fДжоанн Харрис _gперевод с английского Ирины Тогоевой |
|
| 203 |
_aТекст _bвизуальный _cнепосредственный |
||
| 210 |
_aМосква _cЭксмо _d2021 |
||
| 215 |
_a636, [3] с. _d18 |
||
| 225 | 1 | _aPocket book | |
| 225 | 1 | _aPocket modern | |
| 330 | _a16+ | ||
| 686 | 1 | _aШ6(4Вл)67-446{Лх1299-60} | |
| 700 | 1 |
_aХаррис _bДж. _f1964- _gДжоанн |
|
| 942 | _cBOOK | ||
| 980 | _aNB | ||